Estadísticas para Ciudades españolas más pobladas en la Historia

Haz click aquí para intentar la prueba.

Estadísticas generales

  • Esta prueba ha sido intentada 2.394 veces
  • La puntuación promedio es 17 de 25

Estadísticas de respuestas

Ciudades% Correcto
Barcelona
100%
Madrid
100%
Sevilla
98%
Valencia
97%
Bilbao
89%
Málaga
88%
Zaragoza
87%
Granada
83%
Toledo
83%
Cádiz
80%
Córdoba
80%
Murcia
77%
Valladolid
71%
Tarragona
63%
Almería
62%
Jaén
61%
Burgos
58%
Palma de Mallorca
56%
Las Palmas
48%
Mérida
48%
Segovia
48%
Cartagena
42%
Cuenca
39%
Jerez
25%
Ecija
5%

Distribución de puntuación

Porcentaje por número respondido

Porcentaje de gente con cada puntuación

Historial de tus puntuaciones

No has intentado esta prueba.